00000000cam 2200000zi 4500
0019.958180
003CaOODSP
00520260129081850
006m     o  d f      
007cr bn|||||||||
008251211s2025    onc     ol   f000 0 eng d
040 |aCaOODSP|beng|erda|cCaOODSP
0410 |aeng|afre
043 |an-cn---|aa-io---
0861 |aXB451-18/1-PDF
1101 |aCanada. |bParliament. |bHouse of Commons, |eissuing body.
24513|aAn Act to implement the Comprehensive Economic Partnership Agreement between Canada and Indonesia = |bLoi portant mise en œuvre de l'Accord de partenariat économique global entre le Canada et l'Indonésie.
24611|aLoi portant mise en œuvre de l'Accord de partenariat économique global entre le Canada et l'Indonésie
2461 |iShort title: |aCanada-Indonesia Comprehensive Economic Partnership Agreement Implementation Act
264 1|a[Ottawa] : |bHouse of Commons of Canada = Chambre des communes du Canada, |c2025.
300 |a1 online resource (iv, 69 pages).
336 |atext|btxt|2rdacontent
337 |acomputer|bc|2rdamedia
338 |aonline resource|bcr|2rdacarrier
4901 |aBill C-... ; |vBill C-18, 1st Session, 45th Parliament
500 |a"First Session, Forty-fifth Parliament, 3-4 Charles III, 2025."
500 |a"Bill C-18."
500 |a"First reading, December 11, 2025."
500 |a"Minister of International Trade."
500 |a"91234."
5050 |aRecommendation -- Summary -- Table of provisions -- Short title -- Interpretation -- His Majesty -- Purpose -- Causes of action -- Approval -- Administrative and institutional provisions -- Orders -- Related amendments -- Coming into force -- Schedule 1 -- Schedule 2.
520 |a"This enactment implements the Comprehensive Economic Partnership Agreement between Canada and Indonesia, done at Ottawa on September 24, 2025. Among other things, it (a) approves the Agreement; (b) provides that no recourse may be taken on the basis of certain provisions of the enactment or any order made under those provisions, or on the basis of the provisions of the Agreement, without the consent of the Attorney General of Canada; (c) provides for payment by Canada of its share of the expenditures associated with the operation of the institutional and administrative aspects of the Agreement; and (d) gives the Governor in Council the power to make orders in accordance with the Agreement. It also makes related amendments to certain Acts to bring them into conformity with Canada's obligations under the Agreement"--Summary, page ii.
546 |aText in English and French.
650 0|aFree trade|xLaw and legislation|zCanada.
650 0|aFree trade|xLaw and legislation|zIndonesia.
650 0|aTariff|xLaw and legislation|zCanada.
650 0|aTariff|xLaw and legislation|zIndonesia.
651 0|aCanada|xCommercial treaties.
651 0|aIndonesia|xCommercial treaties.
651 0|aCanada|xForeign economic relations|zIndonesia.
651 0|aIndonesia|xForeign economic relations|zCanada.
655 7|aLegislative bills|2lcgft
788 |tAn Act to implement the Comprehensive Economic Partnership Agreement between Canada and Indonesia = |efre|w(CaOODSP)9.958181
830#0|aBill C-...|vBill C-18, 1st Session, 45th Parliament.|w(CaOODSP)9.500659
85640|qPDF|s507 KB|uhttps://publications.gc.ca/collections/collection_2025/parl/XB451-18-1.pdf
8564 |qHTML|sN/A|uhttps://www.parl.ca/documentviewer/en/45-1/bill/C-18/first-reading?col=2